000 00318nam a22001337a 4500
082 _a894.812
_bVEN/K
100 _a RASHEED, VENNIYUR
245 _aKRITHIYUM KARTHAVUM
246 _aKRITHIYUM KARTHAVUM
_bKRITHIYUM KARTHAVUM
260 _aCALICUT
_bMANDHARAM
_c2025
300 _a138
650 _aMALAYALAM
942 _cBK
999 _c9139
_d9139